| 000 | 00917na a2200289 4500 | ||
|---|---|---|---|
| 001 | 14545 | ||
| 003 | MIRAKIL | ||
| 005 | 20181213154941.0 | ||
| 008 | 161025b tu 000 0 | ||
| 020 | _a9757238139 | ||
| 035 | _a14545 | ||
| 040 |
_aMilas _btur _cTR-AnCHP |
||
| 041 | _atur | ||
| 082 |
_a327.109561 _bH66i 1995 |
||
| 090 | _a327.109561 H66i 1995 | ||
| 100 | _aHopkirk, Peter | ||
| 245 |
_aİstanbul'un doğusunda _bbitmeyen oyun _cPeter Hopkirk ; çeviren Mehmet Harmancı |
||
| 246 | _abitmeyen oyun | ||
| 260 |
_aİstanbul _bGençlik Yayınları _c1995 |
||
| 300 |
_a228 s. _bhrt. _c25 sm. |
||
| 500 | _aEserin sondan 32 sayfası eksiktir. | ||
| 500 | _aEserin Özgün Adı: On Secret Service East of Constantinople | ||
| 651 |
_aOrta Doğu _xUluslararası ilişkiler _zOsmanlı Devleti |
||
| 651 |
_aTürkiye _xDış politika _zİngiltere |
||
| 700 | _aHarmancı, Mehmet | ||
| 942 |
_2dcc _cBKS |
||
| 999 |
_c3722 _d3722 |
||